000 00343nam a22001457a 4500
999 _c527898
_d527898
003 NUST
038 _aM.Ramzan
082 _22nd edition
_a526.1
_bWEL
100 _aWellenhof, Bernhard Hofmann
_919399
245 _aPhysical geodasy
250 _a2nd
260 _aNew York
_bSpringerwien
_c2006
300 _a403 p,:
_b25 cm
942 _2ddc
_cBK